Normal view
MARC view
- تاليف ارفورد، برادلي ت، م.مشارك سوزان ايفر، م.مشارك املي م. برينت، م.مشارك كاترين ا. ينج؛ ترجمة هالة فاروق المسعود؛ مراجعة رياض ملكوش
Entry Personal Name
001 - CONTROL NUMBER
- control field: 61100
003 - CONTROL NUMBER IDENTIFIER
- control field: JO-AjAnu
005 - DATE AND TIME OF LATEST TRANSACTION
- control field: 20230606084002.0
008 - FIXED-LENGTH DATA ELEMENTS
- fixed length control field: 230606|| aca||aabn | a|a d
040 ## - CATALOGING SOURCE
- Original cataloging agency: JO-AjAnu
- Transcribing agency: JO-AjAnu
100 ## - HEADING--PERSONAL NAME
- Personal name: تاليف ارفورد، برادلي ت، م.مشارك سوزان ايفر، م.مشارك املي م. برينت، م.مشارك كاترين ا. ينج؛ ترجمة هالة فاروق المسعود؛ مراجعة رياض ملكوش
670 ## - SOURCE DATA FOUND
- Source citation: Work cat.: (JO-AjAnu)31165: تاليف ارفورد، برادلي ت، م.مشارك سوزان ايفر، م.مشارك املي م. برينت، م.مشارك كاترين ا. ينج؛ ترجمة هالة فاروق المسعود؛ مراجعة رياض ملكوش, author, 35 TECHNIQUES EVERY Counselor should Know اسلوبا على كل مرشد معرفتها